Kluby II ligi w sezonie 2020/21 - Statystyki

Ogólne statystyki
  • Ten quiz został rozwiązany 35 razy
  • Średni wynik to 12 z 19
Statystyki odpowiedzi
Hint Odpowiedź % Poprawnych
1 Chojniczanka
91%
8 Motor Lublin
81%
18 Olimpia Grudziądz
78%
2 Stal Rzeszów
78%
10 Wigry Suwałki
75%
19 Garbarnia Kraków
69%
4 Gks Katowice
69%
12 Górnik Polkowice
69%
9 Hutnik Kraków
69%
5 KKS Kalisz
66%
17 Olimpia Elbląg
63%
13 Bytovia Bytów
59%
11 Znicz Pruszków
59%
14 Błękitni Stargard
50%
3 Skra Częstochowa
50%
16 Pogoń Siedlce
47%
15 Sokól Ostróda
47%
6 Lech Poznań 2
44%
7 Śląsk Wrocław 2
44%
Nie znaleziono quizów pasujących do podanych kryteriów
Rozkład punktacji
Procent ludzi z każdym wynikiem
Percentyl według liczby udzielonych odpowiedzi
Twoja historia wyników
Nie rozwiązałeś tego quizu